000 00338nam a2200145Ia 4500
008 150201s2011 xx 000 0 und d
082 _a612.015
_bB11S
100 _aSHARMA , D.C.
245 _aBIOCHEMISTRY FOR NURSES
250 _a1ST
260 _bAITBS
_aDELHI
_c2011
300 _a398
650 _aBIOCHEMISTRY
942 _2ddc
_cBK
_022
999 _c1896
_d1896